[Event "Moscow Open-F 2019"]
[Site "Moscow"]
[Date "2019.02.01"]
[Round "8"]
[White "Antonov, Andrey P."]
[Black "Zhaksygulov, Askarbai"]
[Result "1-0"]
[WhiteElo "2150"]
[BlackElo "1795"]
[Annotator "TA"]
[PlyCount "73"]
[EventDate "2019.01.26"]
[EventType "swiss"]
[EventCountry "RUS"]
[SourceTitle "playchess.com"]
[Source "ChessBase"]
[SourceQuality "1"]

{[%evp 32,73,28,16,39,36,44,44,41,45,50,41,47,46,322,310,314,310,298,289,333,334,333,331,343,341,345,341,465,348,518,554,800,775,749,731,656,539,1283,1283,1263,1260,1254,1237]} 1. e4 c6 2. d4 d5 3. Nc3 dxe4 4. Nxe4 Bf5 5. Ng3 Bg6 6. h4 ({Predecessor:} 6. Nf3 Nd7 7. h4 {1-0 (68) Kalegin,E (2431)-Syrchikov,A (2437) Yerevan 2016}) 6... h6 7. Nf3 Nd7 8. h5 Bh7 9. Bd3 Bxd3 10. Qxd3 Ngf6 $146 (10... e6 11. Bd2 Ngf6 12. O-O-O Qc7 13. Ne4 {½-½ (47) Kamsky,G (2746)-Khenkin,I (2656) Istanbul 2012}) ({Predecessor:} 10... e6 11. Bd2 Qc7 12. O-O-O Ngf6 13. Ne4 {1-0 (68) Kalegin,E (2431)-Syrchikov,A (2437) Yerevan 2016}) 11. Bf4 Qa5+ 12. Bd2 Qc7 13. O-O-O O-O-O 14. Ne4 e6 15. g3 Nc5 16. Nxc5 Bxc5 17. c4 Bd6 {B19: Classical Caro-Kann: 4...Bf5 main line} (17... Qe7 18. Rh4 Rhe8 19. Kb1 Bb6 20. Qe2 c5 21. Rc1 Kb8 22. Bc3 Ka8 23. a3 cxd4 24. Nxd4 Qd7 25. Nb3 {½-½ (47) Kamsky,G (2746)-Khenkin,I (2656) Istanbul 2012}) 18. Bc3 Kb8 19. Kb1 Ng4 {White is slightly better.} ({Predecessor:} 19... Ka8 20. Qe2 c5 21. Ne5 Rc8 22. dxc5 Bxe5 23. Qxe5 Qxc5 24. Qxc5 Rxc5 25. Bxf6 gxf6 {1-0 (68) Kalegin,E (2431)-Syrchikov,A (2437) Yerevan 2016}) 20. Qe2 Rhe8 21. Nd2 Nf6 22. f4 Re7 $2 {[%mdl 8192]} ({Black should play} 22... Qe7 $14) 23. c5 $18 {[%mdl 64] [#] Trapped Piece} Nd5 24. cxd6 Rxd6 25. Ka1 Nxc3 26. bxc3 Qa5 27. Rc1 Rd5 28. Nb3 Qd8 29. Rhe1 b6 30. Qf3 a5 (30... Rc7 $142 31. c4 Rdd7) 31. c4 {White is clearly winning.} Rd6 32. c5 Rd5 33. cxb6 Qxb6 34. Qc3 a4 35. Nc5 Qa7 36. Rb1+ Kc8 37. Rb4 {Accuracy: White = 98%, Black = 34%.} 1-0

[Event "Moscow Open-F 2019"]
[Site "Moscow"]
[Date "2019.02.01"]
[Round "8"]
[White "Pischasov, Alexander"]
[Black "Badalyan, Shavarsh"]
[Result "1-0"]
[WhiteElo "2022"]
[BlackElo "2198"]
[Annotator "TA"]
[PlyCount "115"]
[EventDate "2019.01.26"]
[EventType "swiss"]
[EventCountry "RUS"]
[SourceTitle "playchess.com"]
[Source "ChessBase"]
[SourceQuality "1"]

{[%evp 18,115,30,29,33,26,33,18,33,18,29,22,17,8,59,21,47,0,0,-26,213,212,204,191,208,206,184,210,226,195,229,226,222,221,211,207,242,241,230,222,222,222,222,222,216,217,220,220,212,208,222,156,192,158,222,222,219,161,222,160,222,168,193,193,237,237,237,167,236,161,161,161,222,209,222,178,178,170,237,224,222,178,237,237,237,237,237,237,237,237,237,237,237,229,29982,29983,29984,29985,29986,29985]} 1. d4 $146 (1. Nf3 Nf6 2. c4 b6 3. g3 Bb7 4. Bg2 e6 5. O-O Be7 {½-½ (78) Bu,X (2719)-Zeng,C (2549) China 2016}) ({Predecessor:} 1. Nf3 Nf6 2. d4 e6 3. c4 {0-1 (35) Briffel,F (2275)-Cid,M (2440) Novi Sad 1990}) 1... e6 2. c4 b6 3. Nf3 Nf6 4. g3 Bb7 5. Bg2 Be7 6. O-O O-O 7. Nc3 Ne4 8. Qc2 Nxc3 9. Qxc3 Bf6 10. Qc2 d5 {E19: Queen's Indian: Old Main Line with 7...Ne4 8 Qc2 Nxc3 8 Qxc3} (10... g6 11. Bh6 Bg7 12. Bxg7 Kxg7 13. e4 d6 14. Rfe1 Nd7 15. Qc3 Kg8 16. Rad1 Qe7 17. e5 dxe5 18. dxe5 {½-½ (78) Bu,X (2719)-Zeng,C (2549) China 2016}) 11. cxd5 exd5 12. Bf4 Na6 {The position is equal.} 13. Rfd1 ({Predecessor:} 13. Rac1 c5 14. Rfd1 {0-1 (35) Briffel,F (2275)-Cid,M (2440) Novi Sad 1990}) 13... Re8 14. Rac1 {[%cal Rf4c7]} c5 15. dxc5 ({Predecessor:} 15. Be5 Bxe5 16. dxe5 Qe7 17. a3 Rad8 18. e3 {0-1 (35) Briffel,F (2275)-Cid,M (2440) Novi Sad 1990}) 15... bxc5 (15... Rc8 $11) 16. h4 Qe7 17. e3 (17. Bg5 {is more complex.} h6 18. Bxf6 Qxf6 19. Ne1 Qb6 20. Nd3) 17... h6 18. h5 Nb4 $2 (18... Rad8 $11) 19. Qxc5 $18 {Bd6 is the strong threat.} Qxc5 20. Rxc5 {[%cal Bc1c5,Bc5a5,Ba5a2][%mdl 32] Hoping for Rb5.} Ba6 21. Rd2 Nxa2 22. Ra5 ({Resist} 22. Rcxd5 Nc1 $16) ({Much less strong is} 22. Rdxd5 Nb4 $16) 22... Bc4 {[#]} 23. b3 $1 {[%cal Rb3c4][%mdl 512]} Bxb3 24. Rdxa2 Bxa2 25. Rxa2 a5 26. Nd4 a4 27. Bxd5 Ra5 28. Bc6 {[%mdl 64] [#] Double Attack} Rc8 {With the idea ...Bxd4.} 29. Rxa4 Rxa4 30. Bxa4 Bxd4 31. exd4 {aiming for d5.} Rc4 32. Bb3 Rxd4 33. Kg2 Rb4 34. Bd1 Rd4 35. Be2 Re4 (35... Rd5 $16 36. Be3 Re5) 36. Kf3 Ra4 37. Be3 Rb4 (37... Kh7 $142 38. Bd1 Ra3) 38. Bd1 Rb1 (38... Kh7 $16 {was called for.} 39. Ke2 g6) 39. Ke2 Rb2+ 40. Kd3 Rb1 41. Bf3 Rb4 42. Bd4 Ra4 (42... Rb3+ $142 43. Bc3 Rb5) 43. Ke4 Ra5 44. Be2 Ra2 (44... g6 $142 45. hxg6 fxg6 46. Bc4+ Kf8) 45. Bc4 Ra5 46. Bd5 Ra6 47. g4 Ra5 (47... g6 $142 48. hxg6 Rxg6) 48. f3 Ra6 49. Ke5 Kf8 (49... g6 $142 50. hxg6 Rxg6) 50. Bc5+ Kg8 51. Be4 Re6+ 52. Kd5 Ra6 53. Kc4 Re6 54. Bf5 Ra6 55. Kb5 Rf6 $2 (55... Ra1 $18 56. Bd3 Rd1) 56. Be7 {White mates.} Rxf5+ 57. gxf5 f6 58. Bc5 {Accuracy: White = 59%, Black = 43%.} 1-0

[Event "Moscow Open-F 2019"]
[Site "Moscow"]
[Date "2019.02.01"]
[Round "8"]
[White "Velichko, Artemy"]
[Black "Seliverstov, Vladislav"]
[Result "1-0"]
[WhiteElo "1966"]
[BlackElo "2103"]
[Annotator "TA"]
[PlyCount "123"]
[EventDate "2019.01.26"]
[EventType "swiss"]
[EventCountry "RUS"]
[SourceTitle "playchess.com"]
[Source "ChessBase"]
[SourceQuality "1"]

{[%evp 20,123,45,37,106,105,106,47,40,0,0,0,47,37,136,67,45,4,0,-21,-27,-98,-18,-25,133,136,123,80,89,78,87,45,54,-31,-29,-39,-31,-28,-34,-33,-35,-34,-38,-42,-44,-48,-35,-35,-42,-62,-33,-52,-13,-32,0,-3,0,-12,-12,-16,4,-64,-82,-91,0,-100,-98,-113,-50,-118,-119,-119,-119,-100,-115,-121,-85,-113,-45,-45,-4,-4,166,166,633,633,608,606,598,582,585,567,29979,29981,29981,29982,29984,29985,29985,29986,29986,29986,29986,29987,29987,29988]} 1. d4 ({Predecessor:} 1. Nf3 d5 2. d4 Nf6 3. c4 c6 4. e3 {0-1 (85) Maqseed,N (1941)-Al Hajiri,B (2159) Kuwait 2017}) 1... d5 2. c4 e6 $146 (2... c6 3. Nf3 Nf6 4. e3 {½-½ (23) Matlakov,M (2693)-Mozharov,M (2555) Moscow 2015}) 3. e3 Nf6 4. Nf3 c6 5. Nbd2 (5. Bd3 Nbd7 6. O-O Bd6 7. Nc3 O-O 8. e4 dxe4 {½-½ (23) Matlakov,M (2693)-Mozharov,M (2555) Moscow 2015}) 5... Nbd7 ({Predecessor:} 5... Bd6 6. Bd3 {0-1 (85) Maqseed,N (1941)-Al Hajiri,B (2159) Kuwait 2017}) 6. Bd3 Bd6 7. O-O O-O 8. e4 dxe4 9. Nxe4 Nxe4 10. Bxe4 h6 11. Bc2 Qc7 {D46: Semi-Slav: 5 e3 Nbd7 6 Bd3, Black avoids the Meran} ({Black should try} 11... e5 $14) (11... e5 12. b4 Re8 13. c5 Bc7 14. Re1 exd4 15. Rxe8+ Qxe8 16. Bb2 Ne5 17. Qxd4 Nxf3+ 18. gxf3 f6 19. Qd3 Qh5 20. h4 Be6 21. Bxf6 gxf6 22. Qh7+ Kf8 23. Qxc7 {½-½ (23) Matlakov,M (2693)-Mozharov,M (2555) Moscow 2015}) 12. Qd3 $16 {[%csl Gc2][%cal Rd3h7] [#]} Nf6 13. b3 (13. c5 $16 Bf4 14. Bxf4 Qxf4 15. Ne5) 13... Rd8 {White is slightly better.} 14. Qe2 c5 ({Predecessor:} 14... b6 15. Bb2 Bb7 16. Rad1 Qe7 17. Ne5 c5 18. Ng4 Nxg4 19. Qxg4 {0-1 (85) Maqseed,N (1941)-Al Hajiri,B (2159) Kuwait 2017}) 15. dxc5 Qxc5 16. Bb2 Qh5 (16... Bd7 $14) 17. h3 (17. Rfd1 $16) 17... Bd7 18. Bxf6 gxf6 19. Qd3 Bc6 $1 {aiming for ...Bh2+!} 20. Qh7+ Kf8 21. Be4 $1 f5 $2 (21... Ke7 $11 22. Bxc6 bxc6) 22. Bxc6 bxc6 23. Nd4 Rac8 24. Rae1 Re8 25. Rd1 {Strongly threatening Nxe6+!} Be5 $1 26. Rfe1 ({White should play} 26. Nf3 $1 $14 Bf6 27. Rd7) 26... Bf6 $15 27. Ne2 Rcd8 28. Rxd8 Rxd8 29. Nf4 Qg5 30. g3 {Hoping for Rxe6!} e5 31. h4 Qg4 32. Ng2 $1 ({Much worse is} 32. Qxh6+ Bg7 $19) 32... Qg6 33. Qxg6 fxg6 {[%mdl 4096] Endgame KRB-KRN} 34. Re2 Rd1+ 35. Kh2 $1 Kf7 36. Ne3 Rb1 37. h5 Bg5 38. hxg6+ Kxg6 39. Kg2 Be7 40. Rd2 (40. g4 $11) 40... Bc5 $1 41. Nd1 Bd4 ({Better is} 41... Rc1 $17) 42. Kf3 (42. f4 $11) 42... Kg5 $17 43. Ke2 f4 (43... Kg4 $17 44. Kf1 f4 45. gxf4 Kxf4) 44. Kf3 (44. gxf4+ $1 $15 Kxf4 45. Rd3) 44... c5 45. gxf4+ exf4 46. Rd3 Rc1 47. b4 Rxc4 48. bxc5 Bxc5 (48... h5 $17 49. c6 Kf5) 49. Nc3 Bb6 50. Ne4+ Rxe4 $2 $11 {KRB-KR} (50... Kg6 $11 {and Black has nothing to worry.}) 51. Rd5+ $18 ({Don't do} 51. Kxe4 Bxf2 52. Rd5+ Kg4 $16) 51... Re5 $2 (51... Kf6 52. Kxe4 Bxf2 53. Kxf4 Kf7) 52. Rxe5+ {KR-KB} Kf6 53. Rd5 Ke6 54. Rh5 Kd6 55. Rxh6+ Kc5 {[#]} 56. Rxb6 $1 {[%mdl 512] White mates.} axb6 57. Kxf4 {KPP-KP} Kb4 58. Ke5 Ka3 59. Kd5 Kxa2 60. Kc4 Ka3 61. Kb5 Kb3 62. f4 {Accuracy: White = 62%, Black = 28%.} 1-0

[Event "Moscow Open-F 2019"]
[Site "Moscow"]
[Date "2019.02.01"]
[Round "8"]
[White "Dulguun Altankhuyag"]
[Black "Indzhiev, Aldar"]
[Result "0-1"]
[WhiteElo "1681"]
[BlackElo "2218"]
[Annotator "TA"]
[PlyCount "38"]
[EventDate "2019.01.26"]
[EventType "swiss"]
[EventCountry "RUS"]
[SourceTitle "playchess.com"]
[Source "ChessBase"]
[SourceQuality "1"]

{[%evp 9,38,0,0,-1,0,3,12,-156,-24,-35,-34,-23,-20,-31,-8,-861,-466,-1159,-641,-1148,-631,-700,-437,-796,-762,-942,-939,-917,-924,-2412,-2379]} 1. d4 ({Predecessor:} 1. c4 e6 2. d4 {1-0 (29) Pedersen,F (2285)-Pedersen,C (2078) Denmark 2012}) 1... d5 $146 (1... Nf6 2. c4 e6 3. e3 {De Oliveira,J (2578)-Fleetwood,D (2576) ICCF email 2016}) 2. c4 e6 3. e3 Nf6 4. Qc2 (4. Nf3 dxc4 5. Bxc4 c5 6. O-O a6 7. b3 cxd4 8. Nxd4 Be7 9. Bb2 O-O 10. Be2 Bd7 11. Nd2 Nc6 12. Nc4 b5 13. Nxc6 Bxc6 14. Ne5 Bd5 15. Rc1 Rc8 16. Rxc8 Qxc8 17. Qa1 {De Oliveira,J (2578)-Fleetwood,D (2576) ICCF email 2016}) 4... a6 5. b3 ({Predecessor:} 5. Nf3 Be7 6. Nbd2 Nbd7 7. Bd3 dxc4 8. Nxc4 c5 9. O-O b5 10. Nce5 Bb7 11. Nxd7 Qxd7 12. dxc5 {1-0 (29) Pedersen,F (2285)-Pedersen,C (2078) Denmark 2012}) 5... c5 6. Nf3 {D30: Queen's Gambit Declined: Systems without Nc3} Nc6 7. Bb2 cxd4 8. Nxd4 $2 {[#]} (8. exd4 $11 b6 9. Nbd2) 8... Bb4+ (8... Nb4 $1 $17 {[%cal Rb4c2]} 9. Qe2 e5) 9. Bc3 $11 Nxd4 10. exd4 Bxc3+ 11. Qxc3 Ne4 12. Qb4 $2 {[%mdl 8192]} (12. Qe3 $11) 12... Qf6 {Black is clearly winning.} 13. cxd5 (13. f3 $142 Qxd4 14. fxe4 Qxa1 {[%mdl 64] Double Attack} 15. Bd3 dxe4 16. Bc2) 13... Qxf2+ $19 14. Kd1 Qe3 15. Kc2 {If only White now had time for Bd3....} exd5 {And now ...Bd7 would win.} 16. Bd3 (16. Kb2 $142 Qf2+ 17. Ka3) 16... Qf2+ ({Weaker is} 16... Bd7 17. Bxe4 dxe4 18. Kb2 $17) 17. Nd2 {[#]} a5 $1 {[%cal Ra5b4]} 18. Rhf1 axb4 19. Bxe4 Qxd4 {Accuracy: White = 15%, Black = 52%.} ({Not} 19... dxe4 20. Rxf2 f5 21. Nc4 $17) 0-1

[Event "Moscow Open-F 2019"]
[Site "Moscow"]
[Date "2019.02.02"]
[Round "9"]
[White "Sarana, Alexey"]
[Black "Zakhartsov, Vladimir"]
[Result "1-0"]
[WhiteElo "2630"]
[BlackElo "2483"]
[Annotator "TA"]
[PlyCount "67"]
[EventDate "2019.01.26"]
[EventType "swiss"]
[EventCountry "RUS"]
[SourceTitle "playchess.com"]
[Source "ChessBase"]
[SourceQuality "1"]

{[%evp 19,67,11,19,30,40,34,64,67,79,35,39,42,41,34,112,116,125,129,124,117,114,113,112,131,135,76,147,91,152,142,158,156,166,153,218,212,202,223,358,366,358,361,347,362,354,354,440,440,417,396]} 1. e4 c5 2. Nf3 d6 ({Predecessor:} 2... Nc6 3. d4 cxd4 4. Nxd4 Nf6 5. Nc3 d6 6. f3 e5 7. Nb3 Be6 8. Be3 {1-0 (40) Berek,G (2196)-Bojda,L (2092) Slovakia 2016}) 3. d4 Nf6 $146 (3... cxd4 4. Nxd4 Nf6 {½-½ (60) Inarkiev,E (2693)-Nepomniachtchi,I (2763) Moscow 2018}) 4. Nc3 cxd4 5. Nxd4 a6 6. Be3 Ng4 (6... e5 7. Nb3 Be6 {½-½ (60) Inarkiev,E (2693)-Nepomniachtchi,I (2763) Moscow 2018}) 7. Bc1 Nf6 8. f3 e5 9. Nb3 Be6 10. Be3 Nc6 11. Qe2 {B90: Sicilian Najdorf: Unusual White 6th moves, 6 Be3 Ng4 and 6 Be3 e5} (11. Qd2 Rc8 12. O-O-O Nb4 13. Kb1 d5 14. a3 d4 15. axb4 Bxb4 16. Nxd4 exd4 17. Qxd4 Qa5 18. Nd5 Bxd5 19. exd5 {½-½ (60) Inarkiev,E (2693)-Nepomniachtchi,I (2763) Moscow 2018}) 11... Qc7 ({Predecessor:} 11... b5 12. O-O-O {1-0 (40) Berek,G (2196)-Bojda,L (2092) Slovakia 2016}) 12. O-O-O b5 13. Kb1 {White is slightly better.} ({Predecessor:} 13. Qf2 Rb8 14. Kb1 Be7 15. g4 O-O 16. h4 Na5 17. g5 Nh5 18. Nd5 Bxd5 19. Rxd5 {1-0 (40) Berek,G (2196)-Bojda,L (2092) Slovakia 2016}) 13... h5 14. Nd5 Bxd5 $1 15. exd5 Nb4 16. c4 bxc4 (16... Qc8 $14 17. Rc1 bxc4 18. Qxc4 Qxc4 19. Bxc4 Nbxd5) 17. Qxc4 $16 Rc8 18. Qxc7 Rxc7 19. Bg5 {Threatens to win with Bxf6.} Nbxd5 20. Bxa6 {[#] aiming for Bb5+.} Be7 21. Bb5+ Kf8 22. h4 (22. Na5 $142) 22... g6 {[#]} ({Black should play} 22... Ra7) 23. Na5 $1 Kg7 ({Black should try} 23... Nb4) 24. Nc6 Bf8 25. a4 {[%cal Ba2a4,Ba4a5,Ba5a6][%mdl 32]} Nf4 26. a5 Ne6 (26... Rb7 $16) 27. a6 $18 Nxg5 28. hxg5 Nh7 (28... Nd7 $142 29. a7 Nb6) 29. Rh4 Nxg5 30. Ra4 Be7 31. Nxe7 Rxe7 32. Rxd6 Ne6 33. a7 Ra8 34. Rd7 {Accuracy: White = 67%, Black = 32%.} 1-0

[Event "Moscow Open-F 2019"]
[Site "Moscow"]
[Date "2019.02.02"]
[Round "9"]
[White "Mokshanov, Alexey"]
[Black "Nyudleev, Dolgan"]
[Result "1/2-1/2"]
[WhiteElo "2442"]
[BlackElo "2333"]
[Annotator "TA"]
[PlyCount "42"]
[EventDate "2019.01.26"]
[EventType "swiss"]
[EventCountry "RUS"]
[SourceTitle "playchess.com"]
[Source "ChessBase"]
[SourceQuality "1"]

{[%evp 31,42,0,0,0,0,0,0,0,0,0,0,0,0]} 1. e4 c5 2. Nf3 d6 3. d4 Nf6 $146 ({Predecessor:} 3... cxd4 4. Nxd4 Nf6 {½-½ (21) Naroditsky,D (2634)-Areshchenko,A (2654) Grosseto Prugna 2016}) 4. Nc3 cxd4 5. Nxd4 a6 6. Bg5 e6 7. f4 Qb6 8. Qd2 Qxb2 9. Rb1 Qa3 10. f5 Nc6 11. fxe6 fxe6 12. Nxc6 bxc6 13. Be2 Be7 14. O-O O-O 15. Rb3 Qc5+ 16. Be3 Qe5 {The position is equal.} 17. Bd4 {B97: Sicilian Najdorf: Poisoned Pawn} Qa5 $1 (17... Nxe4 $2 18. Rxf8+ (18. Qe3 Rxf1+ 19. Bxf1 Qg5 $18) 18... Bxf8 19. Nxe4 $18) 18. Bb6 Qe5 19. Bd4 Qa5 $1 ({Don't go for} 19... Nxe4 $2 20. Rxf8+ Bxf8 21. Nxe4 $18) 20. Bb6 Qe5 21. Bd4 $1 {[%cal Rd4e5]} Qa5 $1 ({Not} 21... Nxe4 $2 22. Rxf8+ Bxf8 23. Nxe4 $18) 1/2-1/2

[Event "Moscow Open-F 2019"]
[Site "Moscow"]
[Date "2019.02.02"]
[Round "9"]
[White "Chernyavsky, Alexander"]
[Black "Fotin, Vladimir"]
[Result "0-1"]
[WhiteElo "2357"]
[BlackElo "2341"]
[Annotator "TA"]
[PlyCount "88"]
[EventDate "2019.01.26"]
[EventType "swiss"]
[EventCountry "RUS"]
[SourceTitle "playchess.com"]
[Source "ChessBase"]
[SourceQuality "1"]

{[%evp 22,88,-14,-30,-16,-37,-39,-39,-32,-48,-43,-48,-57,-34,-15,-67,-56,-70,-70,-161,-166,-167,-165,-211,-191,-209,-196,-196,-188,-192,-184,-212,-212,-204,-178,-190,-164,-274,-266,-323,-325,-415,-393,-304,-304,-420,-401,-524,-493,-493,-487,-535,-541,-538,-540,-533,-541,-470,-520,-616,-616,-587,-579,-641,-852,-872,-874,-713,-680]} 1. d4 $146 (1. c4 e6 2. Nf3 Nf6 3. Nc3 d5 4. cxd5 exd5 5. d4 Be7 6. Bg5 {1-0 (27) Obregon Rivero,J (2546)-Sanchez Enriquez,O (2343) Cuernavaca 2015}) ({Predecessor:} 1. Nf3 Nf6 2. c4 e6 3. Nc3 d5 4. d4 c6 5. cxd5 exd5 {½-½ (16) Szabo,L-Tal,M Wijk aan Zee 1973}) 1... Nf6 2. Nf3 e6 3. c4 d5 4. cxd5 exd5 5. Bg5 c6 6. Nc3 Be7 7. e3 Bf5 8. Bd3 Bxd3 9. Qxd3 Nbd7 10. O-O O-O 11. Bxf6 Nxf6 12. Ne5 Nd7 {D35: Queen's Gambit Declined: Exchange Variation} (12... Re8 13. a3 Bd6 14. f4 Nd7 15. e4 dxe4 16. Qc4 Qe7 17. Nxe4 Nb6 18. Qb3 Bxe5 19. fxe5 Qe6 20. Qf3 Re7 21. Rae1 Rd8 22. Nd6 Red7 23. Qg3 Nd5 24. Rf3 f6 25. Ne4 Rf7 26. exf6 Re8 27. Rff1 {1-0 (27) Obregon Rivero,J (2546)-Sanchez Enriquez,O (2343) Cuernavaca 2015}) 13. f4 ({Predecessor:} 13. Nxd7 Qxd7 14. Rab1 a5 15. Na4 Rae8 16. Rfc1 {½-½ (16) Szabo,L-Tal,M Wijk aan Zee 1973}) 13... Nxe5 14. dxe5 f6 {Black is slightly better.} 15. exf6 Bxf6 16. Rae1 Qb6 17. Nd1 Rae8 18. g4 (18. Re2 $11) 18... Qb4 19. g5 Bd8 {aiming for ...Rxf4!} 20. Nf2 ({White should try} 20. a3 $15 Qe7 21. Nf2) 20... Bb6 $1 $36 {[%mdl 2048] Black is in control.} 21. Re2 {[#]} d4 $1 22. a3 {[#]} Qe7 $1 23. Ng4 dxe3 24. Qc4+ Qe6 25. Qxe6+ Rxe6 26. f5 Re4 27. h3 Bd8 28. f6 gxf6 29. gxf6 (29. Nxf6+ {is a better defense.} Bxf6 30. gxf6) 29... h5 30. f7+ Kg7 31. Nxe3 Bb6 32. Rfe1 Kxf7 ({Much less strong is} 32... Rxf7 33. Kg2 $19) 33. Kh1 Rfe8 34. Rf2+ Ke6 {Black is clearly winning.} 35. Rf3 Rd8 36. Nc2 Rxe1+ 37. Nxe1 {[%mdl 4096] Endgame KRB-KRN} Rd1 38. Rf1 Bd4 39. Kg2 Bxb2 40. Rf2 Rxe1 41. Rxb2 b5 {[%cal Bb7b5,Bb5b4][%mdl 32]} 42. Rb3 a5 43. Kg3 Re4 44. Rd3 b4 {Accuracy: White = 37%, Black = 95%.} 0-1

[Event "Moscow Open-F 2019"]
[Site "Moscow"]
[Date "2019.02.02"]
[Round "9"]
[White "Smirnov, Timofey"]
[Black "Ivlev, Aleksey"]
[Result "0-1"]
[WhiteElo "2347"]
[BlackElo "2326"]
[Annotator "TA"]
[PlyCount "78"]
[EventDate "2019.01.26"]
[EventType "swiss"]
[EventCountry "RUS"]
[SourceTitle "playchess.com"]
[Source "ChessBase"]
[SourceQuality "1"]

{[%evp 10,78,21,16,20,12,13,0,28,0,0,9,18,-17,0,0,0,0,4,0,14,0,0,0,9,0,0,0,0,-10,-4,-13,-10,-18,-4,-8,0,0,5,0,14,-12,0,0,12,4,28,-26,-18,-29,-25,0,-1,-62,-79,-73,-68,-67,-66,-72,-65,-129,-126,-226,-209,-423,-385,-724,-737,-736,-730]} 1. e4 e5 2. Nf3 Nc6 3. Bc4 Bc5 4. c3 $146 (4. O-O Nf6 5. d3 d6 {½-½ (46) Giri,A (2783)-Karjakin,S (2753) St Petersburg 2018}) ({Predecessor:} 4. O-O Nf6 5. d3 d6 6. a3 a5 {0-1 (24) Chang,H (2173)-Van Tilbury,C (2283) Bled 2002}) 4... Nf6 5. d3 d6 6. O-O a5 {C54: Giuoco Piano: 4 c3 Nf6, main lines with 5 d4 and 5 d3} (6... a6 7. a4 h6 8. Re1 O-O 9. Nbd2 a5 10. Nf1 Be6 11. Bb5 Na7 12. d4 Nxb5 13. axb5 Bb6 14. dxe5 Ng4 15. Be3 Nxe3 16. Nxe3 dxe5 17. Nxe5 {½-½ (46) Giri,A (2783)-Karjakin,S (2753) St Petersburg 2018}) 7. a3 O-O 8. Bg5 Be6 {The position is equal.} ({Predecessor:} 8... Bb6 9. Nbd2 Ne7 10. Bxf6 gxf6 11. Nh4 Ng6 12. Nxg6 hxg6 13. Kh1 Kg7 14. f4 exf4 {0-1 (24) Chang,H (2173)-Van Tilbury,C (2283) Bled 2002}) 9. Bb5 Ba7 10. Nbd2 h6 11. Be3 (11. Bh4 {seems wilder.} Kh7 12. Bc4 Qe7 13. b4 axb4 14. axb4 g5 15. Bg3) 11... Ne7 12. Bxa7 Rxa7 13. d4 Ng6 14. Re1 Qe7 15. Nf1 c6 16. Bd3 a4 17. Bc2 b5 18. Ne3 Qc7 19. Qd2 Raa8 20. Rac1 Rfd8 21. Bb1 c5 22. g3 Qb7 23. Qe2 Rac8 24. Bd3 Rb8 25. h4 Re8 26. d5 Bd7 27. Nd2 Ne7 28. f3 (28. c4 $142) 28... Nh5 $11 29. Qh2 c4 30. Bc2 Qb6 31. Kf1 ({Better is} 31. Kg2 $11) 31... Rf8 $15 32. Ke2 f5 33. exf5 Nxf5 34. Bxf5 Bxf5 35. Ne4 (35. Nxf5 $15 Rxf5 36. Ne4) 35... Bh7 36. Ng4 {[#]} (36. Qg2 $17 {was called for.}) 36... Qb7 $1 $19 37. Rcd1 $2 (37. Qg2) 37... Qf7 38. Qg2 $2 (38. Nd2 e4 39. Kf1) 38... Bxe4 39. fxe4 Qg6 {Accuracy: White = 20%, Black = 56%.} 0-1

[Event "Moscow Open-F 2019"]
[Site "Moscow"]
[Date "2019.02.02"]
[Round "9"]
[White "Rudometov, Maxim"]
[Black "Grachev, Andrey"]
[Result "0-1"]
[WhiteElo "2265"]
[BlackElo "2181"]
[Annotator "TA"]
[PlyCount "76"]
[EventDate "2019.01.26"]
[EventType "swiss"]
[EventCountry "RUS"]
[SourceTitle "playchess.com"]
[Source "ChessBase"]
[SourceQuality "1"]

{[%evp 10,76,11,19,18,13,15,22,72,31,8,0,0,0,0,-7,0,0,-2,0,0,-7,0,-34,-29,-48,-45,-58,-58,-66,-24,-57,-44,-54,-43,-77,-56,-105,-120,-97,-105,-281,-291,-391,-383,-359,-281,-286,-270,-372,-382,-385,-371,-405,-418,-408,-397,-454,-355,-341,-347,-400,-395,-381,-362,-6295,-6295,-5489,-5277]} 1. c4 (1. g3 e5 {0-1 (57) Ponkratov,P (2613)-Karjakin,S (2760) Riadh 2017}) 1... e5 $146 ({Predecessor:} 1... Nf6 2. Nc3 e5 3. g3 d5 4. cxd5 Nxd5 {0-1 (53) Jahncke,G (2332)-Uksini,B (2259) Lueneburg 2016}) 2. g3 Nf6 3. Bg2 d5 4. cxd5 Nxd5 5. Nc3 Nb6 6. e3 Be7 {A22: English Opening: 1...e5 2 Nc3 Nf6} (6... Nc6 7. Nge2 h5 8. d4 h4 9. d5 Ne7 10. e4 hxg3 11. hxg3 Rxh1+ 12. Bxh1 Ng8 13. Be3 Nf6 14. Qc2 {0-1 (57) Ponkratov,P (2613)-Karjakin,S (2760) Riadh 2017}) 7. Nge2 O-O 8. O-O N8d7 {The position is equal.} ({Predecessor:} 8... c6 9. f4 {0-1 (53) Jahncke,G (2332)-Uksini,B (2259) Lueneburg 2016}) 9. f4 c6 10. fxe5 Nxe5 11. d4 Ng6 12. e4 Bg4 ({Predecessor:} 12... c5 13. d5 Nc4 14. b3 {0-1 (53) Jahncke,G (2332)-Uksini,B (2259) Lueneburg 2016}) 13. h3 Bxe2 14. Nxe2 c5 $1 15. d5 Nc4 16. b3 Bf6 $1 17. Rb1 Nd6 $1 18. Qc2 Rc8 19. h4 Ne5 20. Bb2 Re8 21. Bh3 Rc7 $1 22. Rbe1 g6 23. Rxf6 Qxf6 24. Rf1 Qd8 25. Nc3 $2 (25. Nf4 $17) 25... c4 $19 26. b4 Nd3 27. Ba1 Nxe4 ({Don't play} 27... Nxb4 28. Qd2 $19) 28. Nxe4 Rxe4 29. Qc3 {[%csl Ga1][%cal Rc3h8] [#]} Re5 30. Bg2 b5 31. Qd2 Rce7 32. Bxe5 Rxe5 (32... Nxe5 $2 33. Qd4 $19) 33. a4 Qe7 34. axb5 Re2 35. d6 Qe5 ({Not} 35... Rxd2 36. dxe7 Re2 37. Bd5 $15) 36. Qg5 Qxd6 37. Bd5 $2 (37. Qg4 Qb6+ 38. Kh2) 37... Qb6+ {[%mdl 64] [#] Double Attack} 38. Kh1 Nf2+ {Accuracy: White = 30%, Black = 69%.} 0-1